Minecraft Weapons Quiz - Statistics

General Stats
  • This quiz has been taken 597 times
    82 since last reset
  • The average score is 35 of 55
Answer Stats
Answer % Correct
Bow
93%
Diamond sword
88%
Diamond axe
85%
Gold sword
85%
Iron axe
85%
Iron sword
85%
Crossbow
81%
Netherite sword
81%
Stone axe
81%
Stone sword
81%
Wooden axe
81%
Wooden sword
81%
Diamond pickaxe
80%
Netherite axe
78%
Copper axe
76%
Gold axe
76%
Iron pickaxe
76%
Copper sword
75%
Diamond hoe
75%
Diamond shovel
75%
Netherite pickaxe
75%
Wooden pickaxe
75%
Gold pickaxe
73%
Iron hoe
73%
Iron shovel
73%
Stone hoe
73%
Stone pickaxe
73%
Wooden hoe
73%
Mace
71%
Netherite hoe
71%
Stone shovel
71%
Wooden shovel
71%
Gold hoe
69%
Netherite shovel
69%
Copper pickaxe
68%
Trident
68%
Copper hoe
66%
Gold shovel
66%
Copper shovel
64%
Wooden spear
59%
Diamond spear
56%
Iron spear
56%
Stone spear
56%
Gold spear
54%
Netherite spear
54%
Copper spear
53%
TNT
46%
Potion
37%
End crystal
25%
Splash potion
22%
Bed
17%
Fist
14%
Lingering potion
12%
Respawn anchor
12%
Minecart with TNT
7%
No matching quizzes found
Score Distribution
Percent of People with Each Score
Percentile by Number Answered
Your Score History
You have not taken this quiz since the last reset